| 000 | 00621nam a2200193 i 4500 | ||
|---|---|---|---|
| 001 | 39999 | ||
| 003 | ES-MaACL | ||
| 005 | 20250809224347.0 | ||
| 007 | t| | ||
| 008 | 030304s1935 sp ||||1| spa d | ||
| 100 | 1 |
_aCarral, Ignacio ( _d1897-1935) _935482 |
|
| 245 | 1 | 0 |
_aPorqué mataron a Luis de Sirval / _cIgnacio Carral. |
| 260 |
_aMadrid : _b[s.n.], _c1935 ( _fImp. Sèz Hermanos) |
||
| 300 |
_a203 p. ; _c16 cm. |
||
| 600 | 1 | 7 |
_aSirval, Luis de, _d1898-1934- _xAsesinato _2 _9162179 |
| 651 |
_aEspaña- _xHistoria- _y1934, Revolución de octubre. _9149447 |
||
| 852 |
_aES-MaACL _j1790-F-12 |
||
| 999 |
_c39999 _d39999 |
||